• 首页
  • 本馆介绍
  • 公告通知
  • 最新文献
  • 馆藏检索
  • 电子资源
  • 读者导购
  • 参考咨询
  • 我的图书馆
  • 登录
  • 详细信息显示
  • 放入我的书架
  • 预约/预借图书
  • 作者相关作品
  • 分类相关作品
  • 丛书相关作品
  • 出版社相关作品

书目信息

  • 表格格式
  • 工作单格式
  • 卡片格式
题名:
当心错读误义
    
 
作者: 屈莹莹 编著
分册:  
出版信息: 贵阳   贵州人民出版社  2021.03
页数: 204页
开本: 23cm
丛书名: 快乐阅读书屋
单 册:
中图分类: H124.3-49
科图分类:
主题词: 汉语--han yu--多音字--通俗读物
电子资源:
ISBN: 978-7-221-11283-5
000 00839nam 2200265 45
001 012001001767
005 20141203081124.0
010    @a978-7-221-11283-5@dCNY35.00
099    @aCAL 012015029893
100    @a20220905d2014 em y0chiy50 ea
101 0  @achi
102    @aCN@b520000
105    @aa z 000yy
106    @ar
200 1  @a当心错读误义@Adang xin cuo du wu yi@e速记多音字@f屈莹莹编著
210    @a贵阳@c贵州人民出版社@d2021.03
215    @a204页@c图@d23cm
225 2  @a快乐阅读书屋@Akuai le yue du shu wu@i语文知识类
410  0 @12001@a快乐阅读书屋@Akuai le yue du shu wu@i语文知识类
517 1  @a慎记多音字@Ashen ji duo yin zi
606 0  @a汉语@Ahan yu@x多音字@j通俗读物
690    @aH124.3-49@v5
701  0 @a屈莹莹@Aqu ying ying@4编著
801  0 @aCN@bAHXH@c20221111
905    @b1371641-5@dH124.3-49@e223@f5
    
    当心错读误义:速记多音字/屈莹莹编著.-贵阳:贵州人民出版社,2021.03
    204页:图;23cm.-(快乐阅读书屋.语文知识类)
    
    
    ISBN 978-7-221-11283-5:CNY35.00
    
●
相关链接 在E读中查询图书 在五车中查询图书 在当当中查询图书 在豆瓣中查询图书


正题名:当心错读误义     索取号:H124.3-49/223         预约/预借

序号 登录号 条形码 馆藏地/架位号 状态 备注
1 1371641   213716415   第二样本阅览室/ [索取号:H124.3-49/223] 在馆    
2 1371642   213716424   教育系资料室/ [索取号:H124.3-49/223] 在馆    
3 1371643   213716433   教育系资料室/ [索取号:H124.3-49/223] 在馆    
4 1371644   213716442   第四借阅区/ [索取号:H124.3-49/223] 在馆    
5 1371645   213716451   第四借阅区/ [索取号:H124.3-49/223] 在馆    
唐山师范学院图书馆 欢迎您!
大连网信软件有限公司© 版权所有